Georgia Drivers Manual 2003 (Record no. 2163)

000 -LEADER
fixed length control field 00592nam a22001937a 4500
003 - CONTROL NUMBER IDENTIFIER
control field OSt
005 - DATE AND TIME OF LATEST TRANSACTION
control field 20210427063830.0
008 - FIXED-LENGTH DATA ELEMENTS--GENERAL INFORMATION
fixed length control field 210311s2003 ||||| |||| 00| 0 eng d
040 ## - CATALOGING SOURCE
Original cataloging agency eng
Language of cataloging eng
Transcribing agency DLC
041 ## - LANGUAGE CODE
Language code of text/sound track or separate title eng
080 ## - UNIVERSAL DECIMAL CLASSIFICATION NUMBER
Universal Decimal Classification number 37
Item number G-37
110 ## - MAIN ENTRY--CORPORATE NAME
9 (RLIN) 1390
Corporate name or jurisdiction name as entry element DMVS Department of Motor Vehicle Safety
245 ## - TITLE STATEMENT
Title Georgia Drivers Manual 2003
Statement of responsibility, etc. / by: Georgia Department of Motor Vehicle Safety
260 ## - PUBLICATION, DISTRIBUTION, ETC.
Place of publication, distribution, etc. Conyers, Georgia
Name of publisher, distributor, etc. Georgia Department of Motor Vehicle Safety
Date of publication, distribution, etc. 2003
300 ## - PHYSICAL DESCRIPTION
Extent 94 p.
Other physical details ill.
650 #0 - SUBJECT ADDED ENTRY--TOPICAL TERM
9 (RLIN) 318
Topical term or geographic name entry element Education
653 ## - INDEX TERM--UNCONTROLLED
Uncontrolled term განათლება
942 ## - ADDED ENTRY ELEMENTS (KOHA)
Source of classification or shelving scheme
Koha item type Books
Holdings
Withdrawn status Lost status Source of classification or shelving scheme Damaged status Not for loan Permanent location Current location Date acquired Inventory number Total Checkouts Full call number Barcode Date last seen Price effective from Koha item type
          Ken Walker International University Ken Walker International University 03/11/2021 1982   37 G-37 1982 03/11/2021 03/11/2021 Books

Powered by Koha